| 000 | 00000nam##2200000za#4500 |
| 001 | 9.681236 |
| 003 | CaOODSP |
| 005 | 20240209132638 |
| 007 | ta |
| 008 | 150407|1998||||xxc||||| f|0| 0 fre|d |
| 020 | |a0-662-84978-7 |
| 040 | |aCaOODSP|bfre |
| 043 | |an-cn--- |
| 086 | 1 |aC89-4/76-1998F |
| 110 | 2 |aAgence de promotion économique du Canada atlantique. |
| 245 | 10|aRapport concernant les effets des CLDE de la Nouvelle-Écosse sur leurs clients et leur satisfaction / |cPublié par l'Agence de promotion économique du Canada atlantique, Division de l'évaluation et de l'économétrie. |
| 260 | |aMoncton - Nouveau-Brunswick : |bAgence de promotion économique du Canada atlantique |c1998. |
| 300 | |aiii, 15p. : |btableaux ; |c28 cm. |
| 500 | |aComprend un appendice. |
| 563 | |aCouverture souple |
| 590 | |a00-42|b2000-10-20 |
| 691 | 07|aEntreprise|2gcpds |
| 691 | 07|aProgramme d'aide|2gcpds |
| 691 | 07|aEntrepreneuriat|2gcpds |
| 775 | 08|tReport on client impact and satisfaction of Nova Scotia CBCD's / |w(CaOODSP)9.647857 |
| 776 | 0#|tRapport concernant les effets des CLDE de la Nouvelle-Écosse sur leurs clients et leur satisfaction |w(CaOODSP)9.639455 |